| 000 | 01370nam0a2200337 i 4500 | ||
|---|---|---|---|
| 001 | RU\NLR\BIBL_A\010709686 | ||
| 005 | 20240921194514.0 | ||
| 010 |
_a9785424603655 _9500 |
||
| 021 |
_aRU _b2015-8977 _9557 |
||
| 035 | _a(NILC)RuMoRGB-007868405 | ||
| 035 | _a(NLR Aleph) 010709686 | ||
| 090 |
_a9764559 _c9764559 |
||
| 100 | _a20150330d2014 km y0rusy50 ca | ||
| 101 | 0 | _arus | |
| 102 | _aRU | ||
| 105 | _ay|||z||||01yy | ||
| 200 | 1 |
_aСовременная правовая система Российской Федерации : философско-правовой анализ _e[монография _fЖигоцкий П. Э. |
|
| 210 |
_aМосква _c[б. и.] _d2014 |
||
| 215 |
_a410 с. _d21 |
||
| 300 | _aВ вып. дан. авт.: Жигоцкий П. Э., к. филос. н., доц. | ||
| 320 | _aБиблиогр.: с. 383-410 и в подстроч. примеч. | ||
| 606 | 1 |
_aПравовые системы _yРоссийская Федерация _92303020 _3RU\NLR\AUTH\661378706 |
|
| 610 | 0 | _aправовая система | |
| 686 | 1 | _aХ62 | |
| 700 | 1 |
_aЖигоцкий _bП. Э. _gПетр Эдуардович |
|
| 801 | 0 |
_aRU _bРГБ _c20150216 _gRCR |
|
| 801 | 1 |
_aRU _bРГБ _c20150216 _2rusmarc |
|
| 942 | _cBOOK | ||
| 980 | _aNBR | ||